Dyslexia and mathematics
Saved in:
| Other Authors: | , |
|---|---|
| Format: | Book |
| Language: | English |
| Published: |
London ; New York :
Routledge,
2003, c1992
|
| Subjects: | |
| Tags: |
Add Tag
No Tags, Be the first to tag this record!
|
MARC
| LEADER | 00000cam a2200000 i 4500 | ||
|---|---|---|---|
| 001 | 1/39435 | ||
| 008 | 030821s2003####enk| ||| |||| ||eng|| | ||
| 020 | |a 0415049873 | ||
| 035 | |l 10070623 | ||
| 040 | |a GR-MyUA |b gre |e AACR2 | ||
| 041 | 0 | |a eng | |
| 082 | 0 | |a 371.9144 | |
| 245 | 1 | 0 | |a Dyslexia and mathematics / |c edited by T.R. and E. Miles. |
| 260 | |a London ; |a New York : |b Routledge, |c 2003, c1992 | ||
| 300 | |a xiii, 127 σ. : |b εικ. ; |c 23 εκ. | ||
| 504 | |a Περιέχει βιβλιογραφικές αναφορές και ευρετήρια. | ||
| 650 | 0 | 0 | |a Mathematics |x Study and teaching. |
| 650 | 0 | 0 | |a Dyslexic children |x Education. |
| 700 | 1 | |a Miles, T. R. |q (Thomas Richard) |e edt | |
| 700 | 1 | |a Miles, Elaine, |e edt | |
| 852 | |a INST |b SAMOS |e 20030821 |h 371.9144 DYS |p 005300023973 |q 005300023973 |t BK |y 0 | ||
| 901 | |a BIBL3-2003-2 | ||
| 909 | |a Σ |b 105860 | ||
| 922 | |a 3ΕΛΗ |b 200306 |c ΕΠΕΑΕΚ2/ΤΜΗΜΑ ΜΑΘΗΜΑΤΙΚΩΝ |d ΜΙΧΑΛΟΠΟΥΛΟΣ | ||
| 950 | |a 116-2003-06-13 | ||
| 970 | |a ΚΟΣΙΕΡΗΣ |b ΧΡΗΣΤΟΣ |z 2003/08/27 | ||